[Event "Larsen Event 2024"]
[Site "Aalborg"]
[Date "2024.10.14"]
[Round "1.1"]
[White "Jacobsen, Mikkel Manosri"]
[Black "Olesen, Poul Erik Norgaard"]
[Result "1-0"]
[WhiteElo "2322"]
[BlackElo "1983"]
[WhiteFideId "1444514"]
[BlackFideId "1404253"]
[EventDate "2024.10.14"]
[EventType "swiss"]
[EventRounds "5"]
[EventCountry "DEN"]
[SourceTitle "Live"]

1. d4 Nf6 2. Nf3 d6 3. c3 c6 4. Bf4 Nbd7 5. h3 Qc7 6. Nbd2 b5 7. e4 e5 8. Be3 Be7 9. a4 bxa4 10. dxe5 dxe5 11. Qxa4 Bc5 12. Bxc5 Nxc5 13. Qa5 Qxa5 14. Rxa5 Nfd7 15. b4 Nb7 16. Ra6 Nd8 17. Ra3 Ke7 18. Bc4 f6 19. Ke2 Nb6 20. Rha1 Be6 21. Rxa7+ Rxa7 22. Rxa7+ Kd6 23. Kd3 Bxc4+ 24. Nxc4+ Nxc4 25. Kxc4 Ne6 26. Ne1 g6 27. Nd3 Nc7 28. Nc5 Ra8 29. Nb7+ Kd7 30. Rxa8 Nxa8 31. Kc5 Nc7 32. Na5 Ne6+ 33. Kb6 Nd8 34. c4 Kd6 35. Nb7+ 1-0

[Event "Larsen Event 2024"]
[Site "Aalborg"]
[Date "2024.10.14"]
[Round "1.2"]
[White "Knudsen, Ole"]
[Black "Vinther Schou, Uffe"]
[Result "0-1"]
[WhiteElo "1978"]
[BlackElo "2318"]
[WhiteFideId "1410830"]
[BlackFideId "1400568"]
[EventDate "2024.10.14"]
[EventType "swiss"]
[EventRounds "5"]
[EventCountry "DEN"]
[SourceTitle "Live"]

1. e4 c5 2. Nc3 a6 3. g3 b5 4. Bg2 Bb7 5. d3 e6 6. Nf3 Nc6 7. O-O d6 8. h4 Be7 9. Nh2 Nf6 10. f4 h5 11. f5 b4 12. Ne2 e5 13. c4 Qc7 14. a3 bxa3 15. bxa3 Nd4 16. Nxd4 cxd4 17. Bd2 Bc6 18. Nf3 Rb8 19. Qc2 Nd7 20. Rfb1 Rxb1+ 21. Rxb1 Nc5 22. Bf1 O-O 23. Bb4 Na4 24. Qd2 Bd8 25. Qd1 Nc3 26. Bxc3 dxc3 27. Qb3 Qa7+ 28. Kg2 Ba5 29. Ng5 Qe3 30. Qd1 g6 31. f6 Bb6 32. Qc2 Ba4 0-1

[Event "Larsen Event 2024"]
[Site "Aalborg"]
[Date "2024.10.14"]
[Round "1.3"]
[White "Rathlev, Jakob"]
[Black "Hollesen, Kurt"]
[Result "1/2-1/2"]
[WhiteElo "2243"]
[BlackElo "1954"]
[WhiteFideId "1405284"]
[BlackFideId "1406817"]
[EventDate "2024.10.14"]
[EventType "swiss"]
[EventRounds "5"]
[EventCountry "DEN"]
[SourceTitle "Live"]

1. d4 d5 2. c4 e6 3. Nc3 f5 4. Nf3 Nf6 5. Bf4 c6 6. e3 Bd6 7. Bd3 O-O 8. O-O Ne4 9. Qc2 Qe7 10. Ne2 Nd7 11. Rac1 Kh8 12. h4 Rg8 13. g3 Ndf6 14. Bxd6 Nxd6 15. Nf4 g6 16. Kg2 Ng4 17. Qc3 Ne4 18. Bxe4 fxe4 19. Ne5 Nxe5 20. dxe5 Bd7 21. cxd5 cxd5 22. Nxd5 exd5 23. e6+ Qg7 24. exd7 Rad8 25. Qa5 Rxd7 26. Qxa7 Qxb2 27. Rfd1 Rf8 28. Qd4+ Qxd4 29. Rxd4 Kg7 30. Rb1 Kf6 31. Rb6+ Ke5 32. Rdb4 Rff7 33. Kf1 Rc7 34. Rb2 Rfd7 35. Ke2 Rf7 36. g4 Rcd7 37. Rc2 Rc7 38. Rcb2 Rcd7 39. R6b5 Rc7 40. Ra5 Rc6 41. Ra7 Rcc7 42. Ra8 Rfe7 43. Rd8 Rcd7 44. Rb8 Rc7 45. Kf1 Rf7 46. Kg2 Rce7 47. g5 Rd7 48. Rb6 Rde7 49. Rb2 Rc7 50. Kg3 Rce7 51. a4 Rd7 52. a5 Rc7 53. Kg4 Rce7 54. Rd8 Rd7 55. Re8+ Rfe7 56. Rb8 Rf7 57. h5 gxh5+ 58. Kxh5 Rg7 59. Rb6 Rdf7 60. Kg4 Re7 61. Rd8 Rd7 62. Rxd7 Rxd7 63. Kh5 Rc7 64. Kh6 Rf7 65. a6 bxa6 66. Rxa6 Rd7 67. Ra8 Rf7 68. Ra2 1/2-1/2

[Event "Larsen Event 2024"]
[Site "Aalborg"]
[Date "2024.10.14"]
[Round "1.4"]
[White "Rasmussen, Morten Thor"]
[Black "Zander, Emil"]
[Result "0-1"]
[WhiteElo "1900"]
[BlackElo "2131"]
[WhiteFideId "1445162"]
[BlackFideId "1467123"]
[EventDate "2024.10.14"]
[EventType "swiss"]
[EventRounds "5"]
[EventCountry "DEN"]
[SourceTitle "Live"]

1. e4 c5 2. c3 Nf6 3. e5 Nd5 4. d4 cxd4 5. cxd4 d6 6. Nf3 Nc6 7. Nc3 dxe5 8. dxe5 Nxc3 9. Qxd8+ Nxd8 10. bxc3 Bd7 11. Be3 g6 12. Bc4 Bc6 13. Nd4 Bxg2 14. f3 Bxh1 15. Bb5+ Nc6 16. Nxc6 a6 17. Ba4 b5 18. Bd1 Rc8 19. Nd4 Bg2 20. a4 Bg7 21. axb5 axb5 22. Nxb5 O-O 23. Bd4 Bxe5 24. Ra7 Bxd4 25. cxd4 Rb8 26. Kf2 Rxb5 27. Kxg2 e6 0-1

[Event "Larsen Event 2024"]
[Site "Aalborg"]
[Date "2024.10.14"]
[Round "1.5"]
[White "Jepsen, Thomas Stausholm"]
[Black "Christensen, Poul Veiling"]
[Result "1-0"]
[WhiteElo "2137"]
[BlackElo "1850"]
[WhiteFideId "1403273"]
[BlackFideId "1480014"]
[EventDate "2024.10.14"]
[EventType "swiss"]
[EventRounds "5"]
[EventCountry "DEN"]
[SourceTitle "Live"]

1. Nf3 Nf6 2. g3 b6 3. Bg2 Bb7 4. d3 d5 5. Nbd2 e6 6. O-O Bd6 7. Qe1 O-O 8. e4 dxe4 9. dxe4 e5 10. Qe2 Qe7 11. Re1 Re8 12. Nh4 g6 13. Nf1 Kg7 14. Ne3 Bc8 15. h3 Be6 16. Qd2 Ng8 17. Nhf5+ Bxf5 18. exf5 c6 19. fxg6 hxg6 20. Nc4 Bc7 21. h4 Qe6 22. Qe2 Nd7 23. b3 b5 24. Nd2 Ndf6 25. Bb2 Rad8 26. Nf3 Nd5 27. h5 f6 28. hxg6 Nde7 29. Nh4 Nh6 30. Rad1 Rxd1 31. Rxd1 Rd8 32. Rxd8 Bxd8 33. Bc1 Nhf5 34. Bh3 Nd4 35. Qh5 Qg8 36. Bh6+ 1-0

[Event "Larsen Event 2024"]
[Site "Aalborg"]
[Date "2024.10.14"]
[Round "1.6"]
[White "Mistilioglou, Athanasios"]
[Black "Svendsen, Mads O"]
[Result "0-1"]
[WhiteElo "1800"]
[BlackElo "2098"]
[WhiteFideId "25855344"]
[BlackFideId "1411780"]
[EventDate "2024.10.14"]
[EventType "swiss"]
[EventRounds "5"]
[EventCountry "DEN"]
[SourceTitle "Live"]

1. c4 c6 2. e4 d5 3. exd5 cxd5 4. d4 Nf6 5. Nc3 e6 6. Nf3 Nc6 7. Bd3 Be7 8. O-O O-O 9. Re1 Nb4 10. Bf1 dxc4 11. Bxc4 a6 12. a3 Nbd5 13. Qd3 b5 14. Bb3 Bb7 15. Bg5 h6 16. Bd2 Qd6 17. Ne5 Rfd8 18. Qg3 Kf8 19. Qh3 Ke8 20. Bc2 Rac8 21. Bd3 b4 22. Ne4 Qb6 23. Nc5 Bxc5 24. dxc5 Qxc5 25. Nxf7 Kxf7 26. Qxe6+ Kf8 27. Rac1 Qd6 28. Qf5 Rxc1 29. Rxc1 bxa3 30. bxa3 Qxa3 31. Rb1 Ne7 32. Bb4 Qxb4 33. Qe6 Qxb1+ 34. Bxb1 Rd1+ 35. Qe1 Rxe1# 0-1

[Event "Larsen Event 2024"]
[Site "Aalborg"]
[Date "2024.10.14"]
[Round "1.7"]
[White "Mikkelsen, Peter Jorgen Dam"]
[Black "Munksgaard, Bo"]
[Result "1-0"]
[WhiteElo "2081"]
[BlackElo "1728"]
[WhiteFideId "1439847"]
[BlackFideId "1407473"]
[EventDate "2024.10.14"]
[EventType "swiss"]
[EventRounds "5"]
[EventCountry "DEN"]
[SourceTitle "Live"]

1. d4 Nf6 2. Nf3 g6 3. c4 c5 4. Nc3 cxd4 5. Nxd4 Bg7 6. e3 Nc6 7. Be2 a6 8. O-O O-O 9. b3 d6 10. Bb2 Bd7 11. Rc1 Rc8 12. h3 e6 13. Nf3 Qc7 14. Qd2 Rfe8 15. Rfd1 Rcd8 16. Qxd6 Qxd6 17. Rxd6 Bc8 18. Rxd8 Rxd8 19. Na4 Ne4 20. Bxg7 Kxg7 21. Nb6 e5 22. Nxc8 Rxc8 23. Kf1 Rd8 24. Ke1 f6 25. a3 a5 26. Rc2 Kf7 27. Nd2 Nxd2 28. Rxd2 Rxd2 29. Kxd2 f5 30. Kc3 Ke6 31. b4 axb4+ 32. axb4 e4 33. f4 b6 34. g4 Kd6 35. g5 Ne7 36. Bd1 Nc6 37. Ba4 Ne7 38. Kd4 Ke6 39. Be8 Kd6 40. h4 Ke6 41. c5 bxc5+ 42. Kxc5 Nd5 43. Bf7+ 1-0

[Event "Larsen Event 2024"]
[Site "Aalborg"]
[Date "2024.10.14"]
[Round "1.8"]
[White "Gottschalck, Christian"]
[Black "Steffensen, Elena"]
[Result "0-1"]
[WhiteElo "1757"]
[BlackElo "2003"]
[WhiteFideId "1428357"]
[BlackFideId "1406353"]
[EventDate "2024.10.14"]
[EventType "swiss"]
[EventRounds "5"]
[EventCountry "DEN"]
[SourceTitle "Live"]

1. e4 g6 2. d4 Bg7 3. c3 d6 4. Nf3 Nf6 5. Bd3 O-O 6. O-O Nbd7 7. Re1 e5 8. h3 a6 9. a4 Rb8 10. Qe2 Re8 11. d5 Nc5 12. Bc2 c6 13. b4 Ncd7 14. c4 Qc7 15. Bb2 b5 16. axb5 cxd5 17. cxd5 Rxb5 18. Ba3 Nh5 19. Ba4 Nf4 20. Qf1 Rb8 21. Rc1 Qa7 22. Bc6 Rd8 23. Nbd2 Nf6 24. b5 N6h5 25. Kh2 Nxg2 26. Kxg2 Nf4+ 27. Kg1 Nxh3+ 28. Kg2 Bh6 29. Bb4 Nxf2 30. Ng1 Ng4 31. Ra3 Ne3+ 32. Rxe3 Qxe3 33. Qf6 Bg4 34. Rf1 Bf4 35. Qh4 h5 36. Ba5 Rf8 37. Re1 Qd3 38. Qf2 axb5 39. Ngf3 Qa3 40. Bc7 Rbc8 41. Bb6 Kg7 42. Be3 Bxe3 43. Rxe3 Qc5 44. Rb3 Qc2 45. Ne1 Qa2 46. Nd3 Rc7 47. Rxb5 Qa7 48. Rb6 f5 49. Qg1 fxe4 50. Nb4 Qa3 51. Nb1 0-1

[Event "Larsen Event 2024"]
[Site "Aalborg"]
[Date "2024.10.15"]
[Round "2.1"]
[White "Svendsen, Mads O"]
[Black "Jacobsen, Mikkel Manosri"]
[Result "0-1"]
[WhiteElo "2098"]
[BlackElo "2322"]
[WhiteFideId "1411780"]
[BlackFideId "1444514"]
[EventDate "2024.10.14"]
[EventType "swiss"]
[EventRounds "5"]
[EventCountry "DEN"]
[SourceTitle "Live"]

1. e4 c5 2. Nf3 Nc6 3. d4 cxd4 4. Nxd4 e5 5. Nb5 d6 6. N1c3 Be7 7. Nd5 Rb8 8. Be2 Nf6 9. Nbc7+ Kf8 10. Nxf6 Bxf6 11. Nd5 Be6 12. c3 Bg5 13. O-O Bxc1 14. Rxc1 h5 15. Kh1 Kg8 16. Qd2 Rh6 17. b4 h4 18. Ne3 Qg5 19. b5 Na5 20. c4 b6 21. Qxd6 Rd8 22. Qb4 Rd4 23. Qb1 Qf4 24. Nd5 Bxd5 25. cxd5 Rd2 26. Rce1 Nb7 27. h3 Nc5 28. Bf3 Nd3 29. Kg1 Rg6 30. Bh5 Rxg2+ 31. Kxg2 Rxf2+ 32. Rxf2 Qg3+ 0-1

[Event "Larsen Event 2024"]
[Site "Aalborg"]
[Date "2024.10.15"]
[Round "2.2"]
[White "Vinther Schou, Uffe"]
[Black "Jepsen, Thomas Stausholm"]
[Result "1-0"]
[WhiteElo "2318"]
[BlackElo "2137"]
[WhiteFideId "1400568"]
[BlackFideId "1403273"]
[EventDate "2024.10.14"]
[EventType "swiss"]
[EventRounds "5"]
[EventCountry "DEN"]
[SourceTitle "Live"]

1. e4 d6 2. d4 Nf6 3. Nc3 c6 4. f4 Qa5 5. Bd3 e5 6. Nf3 exd4 7. Nxd4 g6 8. Qe2 Nbd7 9. Nb3 Qc7 10. O-O Bg7 11. Bd2 O-O 12. Rae1 Re8 13. Qf3 Rb8 14. a4 b5 15. axb5 cxb5 16. Kh1 a6 17. Na2 Bb7 18. Ba5 Qc8 19. Nb4 Nc5 20. Nd2 Ng4 21. h3 Nh6 22. Nd5 Bxd5 23. exd5 Rxe1 24. Rxe1 Nb7 25. Bb6 Bxb2 26. Re7 Qc3 27. Ne4 Qb4 28. Ba7 Nf5 29. Rc7 Qe1+ 30. Kh2 Bd4 31. Bxd4 Nxd4 32. Qg4 Nf5 33. Nf6+ Kg7 34. Nh5+ Kf8 35. Bxf5 Qe3 36. Nf6 Kg7 37. Nxh7 Nd8 38. Qxg6+ 1-0

[Event "Larsen Event 2024"]
[Site "Aalborg"]
[Date "2024.10.15"]
[Round "2.3"]
[White "Steffensen, Elena"]
[Black "Rathlev, Jakob"]
[Result "1/2-1/2"]
[WhiteElo "2003"]
[BlackElo "2243"]
[WhiteFideId "1406353"]
[BlackFideId "1405284"]
[EventDate "2024.10.14"]
[EventType "swiss"]
[EventRounds "5"]
[EventCountry "DEN"]
[SourceTitle "Live"]

1. e4 c5 2. Nc3 Nc6 3. d3 g6 4. g3 Bg7 5. Bg2 d6 6. Nge2 e6 7. O-O Nge7 8. Bg5 Rb8 9. Qd2 h6 10. Be3 Nd4 11. Nc1 b5 12. Nd1 b4 13. c3 bxc3 14. bxc3 Ndc6 15. Ne2 Qa5 16. f4 f5 17. d4 cxd4 18. Nxd4 Nxd4 19. Bxd4 Bxd4+ 20. Qxd4 Qb6 21. Ne3 Qxd4 22. cxd4 fxe4 23. Bxe4 d5 24. Bd3 h5 25. Rfc1 Kd7 26. Rc5 Kd6 27. Rac1 Rb4 28. Rc7 Ra4 29. Bxg6 Bd7 30. Bb1 Rb8 31. f5 Bc6 32. Rxe7 Kxe7 33. fxe6 Rb6 34. Re1 Kf6 35. e7 Rxd4 36. Rf1+ Ke6 37. Bg6 h4 1/2-1/2

[Event "Larsen Event 2024"]
[Site "Aalborg"]
[Date "2024.10.15"]
[Round "2.4"]
[White "Zander, Emil"]
[Black "Mikkelsen, Peter Jorgen Dam"]
[Result "1-0"]
[WhiteElo "2131"]
[BlackElo "2081"]
[WhiteFideId "1467123"]
[BlackFideId "1439847"]
[EventDate "2024.10.14"]
[EventType "swiss"]
[EventRounds "5"]
[EventCountry "DEN"]
[SourceTitle "Live"]

1. e4 c6 2. d4 d5 3. f3 Nf6 4. e5 Nfd7 5. f4 e6 6. Nf3 c5 7. c3 Nc6 8. Be2 Qb6 9. O-O a6 10. Kh1 g6 11. Na3 c4 12. b3 Qa5 13. b4 Qc7 14. Nb1 b5 15. a3 Nb6 16. Be3 Bd7 17. Qc1 Ne7 18. Bf2 Nf5 19. Bd1 h5 20. g3 Be7 21. Kg2 a5 22. Be1 Nh6 23. h3 Nf5 24. Ra2 Qa7 25. g4 Ng7 26. Kg1 axb4 27. cxb4 Na4 28. Bxa4 Qxa4 29. Nc3 Qa7 30. Qe3 Qb7 31. Bd2 Bc6 32. Bc1 Kd7 33. Ng5 hxg4 34. hxg4 Rh4 35. Qg3 Rah8 36. Kg2 Ke8 37. Nf3 R4h7 38. Bd2 Qb6 39. Rb1 Bh4 40. Nxh4 Rxh4 41. Be3 Nf5 42. gxf5 gxf5 43. Kf1 Rh3 44. Qg7 R3h7 45. Qg2 Qd8 46. Qg5 Rh1+ 47. Ke2 R1h2+ 48. Kd1 Rh1+ 49. Kc2 R1h2+ 50. Kc1 Qb6 51. Rxh2 Rxh2 52. Qg3 Rh6 53. Qg8+ Kd7 54. Qxf7+ 1-0

[Event "Larsen Event 2024"]
[Site "Aalborg"]
[Date "2024.10.15"]
[Round "2.5"]
[White "Olesen, Poul Erik Norgaard"]
[Black "Mistilioglou, Athanasios"]
[Result "1-0"]
[WhiteElo "1983"]
[BlackElo "1800"]
[WhiteFideId "1404253"]
[BlackFideId "25855344"]
[EventDate "2024.10.14"]
[EventType "swiss"]
[EventRounds "5"]
[EventCountry "DEN"]
[SourceTitle "Live"]

1. f4 d5 2. b3 c5 3. Bb2 Nc6 4. e3 e6 5. Nf3 Nf6 6. d3 Be7 7. Be2 O-O 8. a4 Qa5+ 9. Bc3 Qd8 10. Bd2 d4 11. e4 Ng4 12. Na3 Ne3 13. Bxe3 dxe3 14. Nc4 Nd4 15. O-O Bd7 16. c3 Nc6 17. Qc1 Na5 18. Rb1 Nxc4 19. dxc4 Qb6 20. Qxe3 Rfd8 21. Ne5 Be8 22. Kh1 Rd6 23. Nd3 Rdd8 24. e5 f6 25. exf6 gxf6 26. Bf3 Bg6 27. Be4 Kf7 28. f5 exf5 29. Bd5+ Rxd5 30. cxd5 Bd6 31. Qe6+ Kg7 32. Qd7+ Kh8 33. Nf4 Bxf4 34. Rxf4 Rd8 35. Qe6 Rd6 36. Qe7 Rd8 37. a5 Qxa5 38. Qxf6+ Kg8 39. c4 Rf8 40. Qe6+ Kg7 41. Qe5+ Kg8 42. d6 Re8 43. Qd5+ Bf7 44. Qxf5 Bg6 45. Qd5+ Kg7 46. Rbf1 Qe1 47. d7 Re2 48. d8=Q Be4 49. Qe7+ Kh8 50. Qf8# 1-0

[Event "Larsen Event 2024"]
[Site "Aalborg"]
[Date "2024.10.15"]
[Round "2.6"]
[White "Hollesen, Kurt"]
[Black "Knudsen, Ole"]
[Result "1/2-1/2"]
[WhiteElo "1954"]
[BlackElo "1978"]
[WhiteFideId "1406817"]
[BlackFideId "1410830"]
[EventDate "2024.10.14"]
[EventType "swiss"]
[EventRounds "5"]
[EventCountry "DEN"]
[SourceTitle "Live"]

1. e4 d5 2. exd5 Nf6 3. Bb5+ Nbd7 4. c4 a6 5. Bxd7+ Bxd7 6. Nc3 e6 7. Qe2 Bb4 8. d4 O-O 9. dxe6 Bxe6 10. Nf3 Re8 11. Be3 c6 12. Ng5 Bxc3+ 13. bxc3 Qa5 14. Rc1 Bxc4 15. Qxc4 Qxg5 16. O-O Qb5 17. Qb3 Nd5 18. Rfe1 Nxe3 19. fxe3 Qxb3 20. axb3 f5 21. c4 Rad8 1/2-1/2

[Event "Larsen Event 2024"]
[Site "Aalborg"]
[Date "2024.10.15"]
[Round "2.7"]
[White "Munksgaard, Bo"]
[Black "Rasmussen, Morten Thor"]
[Result "1-0"]
[WhiteElo "1728"]
[BlackElo "1900"]
[WhiteFideId "1407473"]
[BlackFideId "1445162"]
[EventDate "2024.10.14"]
[EventType "swiss"]
[EventRounds "5"]
[EventCountry "DEN"]
[SourceTitle "Live"]

1. Nf3 Nc6 2. d4 d5 3. e3 Nf6 4. c4 e6 5. a3 a5 6. Nc3 Be7 7. Bd3 O-O 8. O-O dxc4 9. Bxc4 Nd5 10. Nb5 Kh8 11. Bd2 Nb6 12. Bd3 e5 13. Qc2 exd4 14. exd4 Bg4 15. Ne5 Nxe5 16. dxe5 c6 17. Nc3 Nd5 18. Rac1 Bg5 19. f4 Nxf4 20. Bxf4 Bxf4 21. Rxf4 Qg5 22. Rcf1 1-0

[Event "Larsen Event 2024"]
[Site "Aalborg"]
[Date "2024.10.15"]
[Round "2.8"]
[White "Christensen, Poul Veiling"]
[Black "Gottschalck, Christian"]
[Result "1/2-1/2"]
[WhiteElo "1850"]
[BlackElo "1757"]
[WhiteFideId "1480014"]
[BlackFideId "1428357"]
[EventDate "2024.10.14"]
[EventType "swiss"]
[EventRounds "5"]
[EventCountry "DEN"]
[SourceTitle "Live"]

1. Nf3 Nf6 2. g3 d5 3. d4 c6 4. Bg2 h6 5. O-O Bf5 6. Nbd2 Nbd7 7. c4 e6 8. a3 a5 9. Re1 Ne4 10. Nxe4 Bxe4 11. Nd2 Bxg2 12. Kxg2 Nf6 13. c5 b6 14. cxb6 Qxb6 15. e3 Be7 16. Qe2 O-O 17. Nf3 c5 18. dxc5 Bxc5 19. Ne5 Bd6 20. Nd3 Rfc8 21. Bd2 Ne4 22. Rac1 Rc7 23. Rxc7 Qxc7 24. Rc1 Qb6 25. Be1 Qb3 26. f3 Nf6 27. Rc6 Ne8 28. Bc3 Qb5 29. Be1 1/2-1/2

[Event "Larsen Event 2024"]
[Site "Aalborg"]
[Date "2024.10.16"]
[Round "3.1"]
[White "Jacobsen, Mikkel Manosri"]
[Black "Vinther Schou, Uffe"]
[Result "1-0"]
[WhiteElo "2322"]
[BlackElo "2318"]
[WhiteFideId "1444514"]
[BlackFideId "1400568"]
[EventDate "2024.10.14"]
[EventType "swiss"]
[EventRounds "5"]
[EventCountry "DEN"]
[SourceTitle "Live"]

1. c4 e5 2. g3 c6 3. Nf3 e4 4. Nd4 d5 5. cxd5 Qxd5 6. Nc2 Nf6 7. Nc3 Qh5 8. Ne3 Bc5 9. Qc2 Bxe3 10. fxe3 Bf5 11. Bg2 Qg6 12. O-O O-O 13. b4 Nbd7 14. Rf4 Rfe8 15. Bb2 Nh5 16. Rxf5 Qxf5 17. Bxe4 Qg5 18. Bxh7+ Kh8 19. Ne4 Qe7 20. Rf1 Nf8 21. Bf5 Kg8 22. g4 Nf6 23. Bxf6 gxf6 24. Qc3 Kg7 25. g5 Qe5 26. gxf6+ Kg8 27. d4 Qd5 28. Qe1 Ng6 29. Bxg6 1-0

[Event "Larsen Event 2024"]
[Site "Aalborg"]
[Date "2024.10.16"]
[Round "3.2"]
[White "Steffensen, Elena"]
[Black "Zander, Emil"]
[Result "0-1"]
[WhiteElo "2003"]
[BlackElo "2131"]
[WhiteFideId "1406353"]
[BlackFideId "1467123"]
[EventDate "2024.10.14"]
[EventType "swiss"]
[EventRounds "5"]
[EventCountry "DEN"]
[SourceTitle "Live"]

1. e4 c5 2. Nc3 d6 3. g3 Nc6 4. Bg2 g6 5. d3 Bg7 6. Nge2 Rb8 7. O-O b5 8. a3 Nf6 9. f4 Bd7 10. f5 e6 11. Bg5 h6 12. Bxf6 Bxf6 13. fxg6 fxg6 14. Nf4 Ne5 15. d4 cxd4 16. Nce2 Ng4 17. Nxd4 Ne3 18. Qd3 Nxf1 19. e5 dxe5 20. Qxg6+ Ke7 21. Nh5 Bg5 22. Rxf1 Qg8 23. Qxg8 Rhxg8 24. Nf3 Be3+ 25. Kh1 Be8 26. Re1 Bg5 27. g4 Bxh5 28. gxh5 Bf4 29. Nxe5 Bxe5 30. Rxe5 Rg5 31. Re2 Rd8 32. h3 Rxh5 33. Kh2 Rg5 34. Bf3 Rd6 35. b3 Kf6 36. Bg4 Rgd5 37. Rf2+ Ke7 38. Kg3 Rd2 39. Rf3 Rxc2 40. Bh5 Rd5 41. Bg4 Rcd2 42. Kh4 R2d4 0-1

[Event "Larsen Event 2024"]
[Site "Aalborg"]
[Date "2024.10.16"]
[Round "3.3"]
[White "Rathlev, Jakob"]
[Black "Olesen, Poul Erik Norgaard"]
[Result "1-0"]
[WhiteElo "2243"]
[BlackElo "1983"]
[WhiteFideId "1405284"]
[BlackFideId "1404253"]
[EventDate "2024.10.14"]
[EventType "swiss"]
[EventRounds "5"]
[EventCountry "DEN"]
[SourceTitle "Live"]

1. Nf3 Nf6 2. c4 g6 3. Nc3 Bg7 4. g3 O-O 5. Bg2 d6 6. O-O c6 7. d3 Qa5 8. h3 Qh5 9. Ng5 h6 10. Bf3 Bg4 11. hxg4 Nxg4 12. Bxg4 Qxg4 13. Nf3 f5 14. Kg2 f4 15. Nh2 Qg5 16. Ne4 Qf5 17. Bxf4 Nd7 18. Nc3 e5 19. e4 Qe6 20. Be3 Nf6 21. f3 Rf7 22. Ng4 h5 23. Nxf6+ Bxf6 24. Rh1 Kg7 25. Qd2 Rh8 26. Raf1 h4 27. g4 a6 28. a4 Kg8 29. Rh3 Qe7 30. g5 Bg7 31. Qe1 Rf4 32. Bxf4 exf4 33. Rxh4 Qxg5+ 34. Rg4 1-0

[Event "Larsen Event 2024"]
[Site "Aalborg"]
[Date "2024.10.16"]
[Round "3.4"]
[White "Jepsen, Thomas Stausholm"]
[Black "Hollesen, Kurt"]
[Result "1-0"]
[WhiteElo "2137"]
[BlackElo "1954"]
[WhiteFideId "1403273"]
[BlackFideId "1406817"]
[EventDate "2024.10.14"]
[EventType "swiss"]
[EventRounds "5"]
[EventCountry "DEN"]
[SourceTitle "Live"]

1. c4 e6 2. e4 c6 3. d4 d5 4. Nc3 Nf6 5. e5 Nfd7 6. cxd5 cxd5 7. f4 g6 8. Nf3 Nc6 9. a3 a6 10. Be3 b5 11. b4 Nb6 12. Be2 Nc4 13. Bf2 Qb6 14. O-O Bd7 15. Nd2 Be7 16. Nxc4 bxc4 17. Qd2 Na7 18. Rfb1 Rc8 19. h4 h5 20. Bd1 Rb8 21. Ra2 Qc7 22. Bc2 Qd8 23. g3 Kf8 24. Na4 Bxa4 25. Bxa4 Nb5 26. Bd1 Kg7 27. a4 Nc7 28. Rab2 Qd7 29. Be1 Rb7 30. Qe3 Rhb8 31. Bd2 Rh8 32. Bc2 Qc6 33. Bc3 Rhb8 34. Bd1 Qd7 35. Qe1 Qc6 36. Qe3 Qd7 37. Bd2 Rh8 38. Qf3 Qc6 39. Rc1 Qb6 40. Qe3 Qc6 41. Kg2 Qd7 42. Ra1 Qc6 43. Rab1 Qd7 44. Bc3 Qc6 45. Qc1 Qd7 46. Be1 Rhb8 47. Kf1 Qc6 48. Qc2 Qe8 49. Qg2 Qc6 50. Bc3 Qd7 51. g4 hxg4 52. Qxg4 Rh8 53. Rh2 Rh6 54. Rbb2 Rb8 55. h5 Rbh8 56. Qg3 Qe8 57. Bd2 R6h7 58. Rg2 Kf8 59. hxg6 fxg6 60. Qxg6 Qxg6 61. Rxg6 Rh1+ 62. Rg1 Rxg1+ 63. Kxg1 Rh3 64. Kg2 Rd3 65. Be2 Rxd4 66. Kf3 Rxd2 67. Rxd2 Bxb4 68. Rd1 Ke7 69. Kg4 a5 70. f5 exf5+ 71. Kxf5 Bc3 72. Rc1 Bb4 73. Rd1 Bc3 74. Bxc4 dxc4 75. Rc1 Nd5 76. Rg1 Kd7 77. Ke4 Kc6 78. Rg6+ Kc5 79. Ra6 Nc7 80. Rd6 Kb4 81. Rc6 Ne8 82. Kd5 Kxa4 83. Rxc4+ Bb4 84. Rg4 Nc7+ 85. Kc6 Ne6 86. Kd5 Nc7+ 87. Kc6 Ne6 88. Rg6 Nc5 89. Kd5 Kb3 90. Rg3+ Kc2 91. Kc4 Ne6 92. Rg2+ Bd2 93. Rg6 Nf4 94. Ra6 Bc3 95. e6 Nxe6 96. Rxe6 Bd2 97. Rb6 Bb4 98. Rg6 Bd2 99. Rf6 Bb4 100. Rf2+ Bd2 101. Rf1 Bb4 102. Rh1 Bd2 103. Ra1 Bb4 104. Ra2+ Kd1 105. Kd3 Ke1 106. Ke3 Kf1 107. Rf2+ Ke1 108. Re2+ Kd1 109. Kd3 a4 110. Re4 Bd2 111. Rxa4 Bc1 112. Ra2 1-0

[Event "Larsen Event 2024"]
[Site "Aalborg"]
[Date "2024.10.16"]
[Round "3.5"]
[White "Mikkelsen, Peter Jorgen Dam"]
[Black "Svendsen, Mads O"]
[Result "1/2-1/2"]
[WhiteElo "2081"]
[BlackElo "2098"]
[WhiteFideId "1439847"]
[BlackFideId "1411780"]
[EventDate "2024.10.14"]
[EventType "swiss"]
[EventRounds "5"]
[EventCountry "DEN"]
[SourceTitle "Live"]

1. d4 Nf6 2. c4 g6 3. Nc3 Bg7 4. e4 d6 5. Bg5 h6 6. Be3 O-O 7. f3 Na6 8. Qd2 Kh7 9. Bd3 c5 10. d5 Nc7 11. Nge2 a6 12. a4 b6 13. O-O Rb8 14. h3 Bd7 15. f4 b5 16. axb5 axb5 17. e5 Ng8 18. exd6 exd6 19. f5 bxc4 20. fxg6+ Kh8 21. gxf7 cxd3 22. fxg8=Q+ Kxg8 23. Qxd3 Rxb2 24. Qg6 Rxf1+ 25. Rxf1 Qe8 26. Qg3 Kh8 27. Qf3 Nb5 28. Nd1 Qe5 1/2-1/2

[Event "Larsen Event 2024"]
[Site "Aalborg"]
[Date "2024.10.16"]
[Round "3.6"]
[White "Gottschalck, Christian"]
[Black "Munksgaard, Bo"]
[Result "1/2-1/2"]
[WhiteElo "1757"]
[BlackElo "1728"]
[WhiteFideId "1428357"]
[BlackFideId "1407473"]
[EventDate "2024.10.14"]
[EventType "swiss"]
[EventRounds "5"]
[EventCountry "DEN"]
[SourceTitle "Live"]

1. e4 c5 2. Nf3 a6 3. c4 e6 4. Nc3 Nc6 5. d4 cxd4 6. Nxd4 Qc7 7. Nxc6 dxc6 8. Be3 Nf6 9. a3 b5 10. c5 Be7 11. Be2 e5 12. O-O Be6 13. h3 O-O 14. Qc2 a5 15. b4 axb4 16. axb4 Nd7 17. Qb2 Bf6 18. Rxa8 Rxa8 19. Ra1 Qb7 20. Bc1 Ra6 21. Rxa6 Qxa6 22. Qa3 Qxa3 23. Bxa3 Bg5 24. Bd3 Bd2 25. Bb2 f6 26. Kf1 h5 27. Ke2 Bh6 28. Nd1 Bb3 29. Ne3 g6 30. g4 hxg4 31. hxg4 Nf8 32. Ng2 Ne6 33. Bc3 Nf4+ 34. Nxf4 Bxf4 35. Bd2 g5 36. Be3 1/2-1/2

[Event "Larsen Event 2024"]
[Site "Aalborg"]
[Date "2024.10.16"]
[Round "3.7"]
[White "Knudsen, Ole"]
[Black "Christensen, Poul Veiling"]
[Result "1/2-1/2"]
[WhiteElo "1978"]
[BlackElo "1850"]
[WhiteFideId "1410830"]
[BlackFideId "1480014"]
[EventDate "2024.10.14"]
[EventType "swiss"]
[EventRounds "5"]
[EventCountry "DEN"]
[SourceTitle "Live"]

1. e4 c6 2. d4 d5 3. e5 Bf5 4. h4 h5 5. Bd3 e6 6. Bxf5 exf5 7. Nf3 Be7 8. Qd3 g6 9. Bg5 Nd7 10. Nbd2 Nf8 11. g3 Ne6 12. c4 Bxg5 13. Nxg5 Ne7 14. Nxe6 fxe6 15. c5 a5 16. Nf3 Qd7 17. Ng5 O-O 18. Nh3 Kg7 19. Nf4 Ng8 20. a4 Nh6 21. Ra3 Qf7 22. Rb3 Rfe8 23. Rb6 Re7 24. f3 Qe8 25. Qb3 Qf7 26. Ke2 Ra7 27. Qc3 Qg8 28. Qd2 Nf7 29. Rg1 Qh7 30. Kd1 Qh6 31. Rh1 Kf8 32. Kc2 Ke8 33. Nh3 Qxd2+ 34. Kxd2 Kd7 35. Nf4 Nh8 36. Rg1 Rh7 37. Rb3 Ke7 38. Nh3 Nf7 39. Rh1 Kd7 40. Ng5 Nxg5 41. hxg5 Kc7 42. Rh4 Ra8 43. Rb6 1/2-1/2